<?xml version="1.0" encoding="UTF-8"?><?xml-stylesheet type="text/xsl" href="static/style.xsl"?><OAI-PMH xmlns="http://www.openarchives.org/OAI/2.0/" xmlns:xsi="http://www.w3.org/2001/XMLSchema-instance" xsi:schemaLocation="http://www.openarchives.org/OAI/2.0/ http://www.openarchives.org/OAI/2.0/OAI-PMH.xsd"><responseDate>2026-04-14T06:33:30Z</responseDate><request verb="GetRecord" identifier="oai:www.recercat.cat:20.500.12694/7454" metadataPrefix="marc">https://recercat.cat/oai/request</request><GetRecord><record><header><identifier>oai:recercat.cat:20.500.12694/7454</identifier><datestamp>2026-01-01T05:31:27Z</datestamp><setSpec>com_2072_179042</setSpec><setSpec>col_2072_484474</setSpec></header><metadata><record xmlns="http://www.loc.gov/MARC21/slim" xmlns:dcterms="http://purl.org/dc/terms/" xmlns:xsi="http://www.w3.org/2001/XMLSchema-instance" xmlns:doc="http://www.lyncode.com/xoai" xsi:schemaLocation="http://www.loc.gov/MARC21/slim http://www.loc.gov/standards/marcxml/schema/MARC21slim.xsd">
   <leader>00925njm 22002777a 4500</leader>
   <datafield ind2=" " ind1=" " tag="042">
      <subfield code="a">dc</subfield>
   </datafield>
   <datafield ind2=" " ind1=" " tag="720">
      <subfield code="a">Pellejero Álvarez, Estela</subfield>
      <subfield code="e">author</subfield>
   </datafield>
   <datafield ind2=" " ind1=" " tag="260">
      <subfield code="c">2023-06</subfield>
   </datafield>
   <datafield ind2=" " ind1=" " tag="520">
      <subfield code="a">Aquest treball té com a objectius identificar els patrons que estimulen o entorpeixen la creativitat, definir uns hàbits i normes per a l'escriptura de cançons i descriure una metodologia pròpia que incentivi l'autoconeixement a través del procés creatiu. Per això, m’he recolzat en diferents documents relacionats amb la psicologia de la creativitat i amb la lírica i la gramàtica de la llengua castellana. A més, he volgut comptar amb els coneixements adquirits durant el meu procés compositiu personal, que es veurà materialitzat en el meu concert de final de grau en forma de cançons.</subfield>
   </datafield>
   <datafield ind2=" " ind1=" " tag="520">
      <subfield code="a">Este trabajo tiene como objetivos identificar los patrones que estimulan o entorpecen la creatividad, definir unos hábitos y normas para la escritura de canciones y describir una metodología propia que incentive el autoconocimiento a través del proceso creativo. Para ello, me he apoyado en diferentes documentos relacionados con la psicología de la creatividad, la lírica y la gramática de la lengua castellana. Además, he querido contar con los conocimientos adquiridos durante mi proceso compositivo personal, el cual se verá materializado en mi concierto de final de grado en forma de canciones.</subfield>
   </datafield>
   <datafield ind2=" " ind1=" " tag="520">
      <subfield code="a">The objectives of this assignment are to identify patterns that stimulate or hinder creativity, define habits and rules for songwriting, and describe a proprietary methodology that encourages self-awareness through the creative process. To achieve this, I have relied on various documents related to The Psychology of Creativity and the lyrics and grammar of the Spanish language. Additionally, I wanted to draw on the knowledge gained during my personal compositional process, which will be materialised in my end-of-degree concert in the form of songs.</subfield>
   </datafield>
   <datafield ind1="8" ind2=" " tag="024">
      <subfield code="a">http://hdl.handle.net/20.500.12694/7454</subfield>
   </datafield>
   <datafield tag="653" ind2=" " ind1=" ">
      <subfield code="a">TFG Jazz i música moderna</subfield>
   </datafield>
   <datafield tag="653" ind2=" " ind1=" ">
      <subfield code="a">Cançons</subfield>
   </datafield>
   <datafield tag="653" ind2=" " ind1=" ">
      <subfield code="a">Música vocal--Textos</subfield>
   </datafield>
   <datafield tag="653" ind2=" " ind1=" ">
      <subfield code="a">Creació literària, artística, etc.</subfield>
   </datafield>
   <datafield tag="653" ind2=" " ind1=" ">
      <subfield code="a">Creativitat</subfield>
   </datafield>
   <datafield tag="653" ind2=" " ind1=" ">
      <subfield code="a">Psicologia</subfield>
   </datafield>
   <datafield tag="653" ind2=" " ind1=" ">
      <subfield code="a">Escriptura</subfield>
   </datafield>
   <datafield tag="653" ind2=" " ind1=" ">
      <subfield code="a">Poesia lírica</subfield>
   </datafield>
   <datafield tag="653" ind2=" " ind1=" ">
      <subfield code="a">Castellà--Gramàtica</subfield>
   </datafield>
   <datafield ind2="0" ind1="0" tag="245">
      <subfield code="a">¿Quién soy? Proceso creativo, lírica y recursos para el songwriting</subfield>
   </datafield>
</record></metadata></record></GetRecord></OAI-PMH>